| 000 | 00000nam##2200000za#4500 |
| 001 | 9.588541 |
| 003 | CaOODSP |
| 005 | 20210624195157 |
| 007 | cr ||||||||||| |
| 008 | 150406|1988||||xxc|||||o f|0| 0 eng|d |
| 040 | |aCaOODSP|beng |
| 041 | |aeng |
| 041 | |afre |
| 043 | |an-cn--- |
| 086 | 1 |aCS92-105-1988-PDF |
| 245 | 00|aUnincorporated places |h[electronic resource] |
| 260 | |aOttawa - Ontario : |bStatistics Canada |c1987. |
| 490 | 1 |aPopulation and dwelling counts, Canada |v105 |
| 500 | |aHistorical census publication digitized by Statistics Canada. |
| 590 | |a13-07-Supp|b2013-03-25 |
| 690 | 07|aCensus|2gcpds |
| 710 | 2 |aStatistics Canada. |
| 792 | |tLocalités non constituées |efre|w(CaOODSP)9.588542 |
| 830 | #0|aPopulation and dwelling counts, Canada ;|v105|w(CaOODSP)9.500687 |
| 856 | 40|ahttp://publications.gc.ca|qPDF|s16.7 MB|uhttps://publications.gc.ca/collections/collection_2013/statcan/rh-hc/CS92-105-1888.pdf|y105 |